Piłkarska kariera Luisa Hernandeza. - Statystyki

Ogólne statystyki
  • Ten quiz został rozwiązany 6 razy
  • Średni wynik to 6 z 12
Statystyki odpowiedzi
Lata Drużyna % Poprawnych
2002-2003 Club America
80%
1998-2000 Tigres
80%
1997-1997 Boca Juniors
60%
1990-1991 Cruz Azul
60%
2000-2002 LA Galaxy
60%
1992-1994 Monterrey
60%
1994-1997 Necaxa
60%
1997-1998 Necaxa
60%
1991-1992 Queretaro
60%
2004-2005 Lobos
40%
2003-2004 Jaguares
0%
2003-2003 Tiburones Rojos
0%
Nie znaleziono quizów pasujących do podanych kryteriów
Rozkład punktacji
Procent ludzi z każdym wynikiem
Percentyl według liczby udzielonych odpowiedzi
Twoja historia wyników
Nie rozwiązałeś tego quizu